Pershing's Crusaders : the American soldier in World War I /

The most systematic, comprehensive, detailed and up-to-date study yet published of the experiences, daily life and representative attitudes of the American soldier (Army & Marine) in World War I. It will be a seminal source for anyone interested in the World War I-era American army and/or the hi...

Full description

Bibliographic Details
Main Author: Faulkner, Richard Shawn (Author)
Format: Book
Language:English
Published: Lawrence : University Press of Kansas, [2017]
Series:Modern war studies.
Subjects:

MARC

Tag First Indicator Second Indicator Subfields
LEADER 00000cam a2200000 i 4500
001 in00003849813
005 20170926113427.0
008 161024t20172017ksua b 001 0deng
010 |a  2016047599 
020 |a 9780700623730  |q hardcover 
020 |a 0700623736  |q hardcover 
020 |z 9780700623747  |q electronic book 
035 |a (OCoLC)ocn960845675 
040 |a DLC  |e rda  |c DLC  |d UtOrBLW 
043 |a n-us--- 
049 |a TXAM 
050 0 0 |a D570.9  |b .F38 2017 
082 0 0 |a 940.4/1273  |2 23 
100 1 |a Faulkner, Richard Shawn,  |e author.  |0 http://id.loc.gov/authorities/names/no2010186645 
245 1 0 |a Pershing's Crusaders :  |b the American soldier in World War I /  |c Richard S. Faulkner. 
264 1 |a Lawrence :  |b University Press of Kansas,  |c [2017] 
264 4 |c ©2017 
300 |a xii, 758 pages :  |b illustrations ;  |c 24 cm. 
336 |a text  |b txt  |2 rdacontent 
337 |a unmediated  |b n  |2 rdamedia 
338 |a volume  |b nc  |2 rdacarrier 
490 1 |a Modern war studies 
504 |a Includes bibliographical references and index. 
520 |a The most systematic, comprehensive, detailed and up-to-date study yet published of the experiences, daily life and representative attitudes of the American soldier (Army & Marine) in World War I. It will be a seminal source for anyone interested in the World War I-era American army and/or the history of early twentieth-century America. 
650 0 |a World War, 1914-1918  |v Personal narratives, American.  |0 http://id.loc.gov/authorities/subjects/sh2008113789 
650 0 |a Soldiers  |z United States  |x History  |y 20th century.  |0 http://id.loc.gov/authorities/subjects/sh2010114083 
651 0 |a United States  |x Armed Forces  |x Military life  |x History  |y 20th century. 
650 0 |a World War, 1914-1918  |x Campaigns  |z Western Front  |v Sources.  |0 http://id.loc.gov/authorities/subjects/sh2010007677 
830 0 |a Modern war studies.  |0 http://id.loc.gov/authorities/names/n86714675 
945 |b 18034 
947 |a A14850039604 
948 |a cataloged  |b h  |c 2017/3/15  |d c  |e dmitchel  |f 4:00:00 pm 
994 |a 92  |b TXA 
999 f f |s e728cb90-18f2-3ce5-b7ea-9edfd8bdd1de  |i ce21bb1b-0b96-3b5e-a626-0a531ca70983  |t 0 
952 f f |p normal  |a Texas A&M University  |b College Station  |c Sterling C. Evans Library  |d Evans: Library Stacks  |t 0  |e D570.9 .F38 2017  |h Library of Congress classification  |i unmediated -- volume  |m A14850039604 
998 f f |a D570.9 .F38 2017  |t 0  |l Evans: Library Stacks